Diseño del Sistema de Abastecimiento de Agua Potable en la Comarca Las Hamacas, municipio de Villa Sandino, Chontales
El presente estudio se realizó para dar respuesta a la necesidad que presenta la población, a fin de mejorar la calidad de vida de estos y reducir de esta manera enfermedades que se puedan adquirir a través del agua, así como facilitar el acceso a la población de obtener el vital líquido, posi...
| Main Authors: | , |
|---|---|
| Other Authors: | |
| Format: | Tesis Section = Libro |
| Language: | Undetermined Spanish |
| Published: |
Managua
UNI
2022
|
| Subjects: |
| LEADER | 01266nam a2200265Ia 4500 | ||
|---|---|---|---|
| 008 | 240830s9999 xx 000 0 und d | ||
| 040 | |a BIBLIOTECA-RUPAP/ Mon 628.72 F223 | ||
| 041 | |a spa | ||
| 082 | |a Mon 628.72 F223 | ||
| 100 | 1 | |a Fargas Zeledón, Janner Josué | |
| 100 | 1 | |b Cruz Ramírez, Jeffry José | |
| 245 | 1 | 0 | |a Diseño del Sistema de Abastecimiento de Agua Potable en la Comarca Las Hamacas, municipio de Villa Sandino, Chontales |
| 260 | |a Managua |b UNI |c 2022 | ||
| 300 | |a 82 p. :il. | ||
| 500 | |a Contiene: anexos y CD. | ||
| 502 | |a Tesis (Ingeniero Civil) - UNI, 2022. | ||
| 520 | 3 | |a El presente estudio se realizó para dar respuesta a la necesidad que presenta la población, a fin de mejorar la calidad de vida de estos y reducir de esta manera enfermedades que se puedan adquirir a través del agua, así como facilitar el acceso a la población de obtener el vital líquido, posicionándose como los principales protagonistas de esto, quién a su vez beneficiará a algunas entidades públicas. | |
| 650 | 7 | |a AGUA POTABLE | |
| 650 | 7 | |b ABASTECIMIENTO DE AGUA | |
| 650 | 7 | |c CALIDAD DEL AGUA | |
| 650 | 7 | |d CONSUMO DE AGUA | |
| 700 | 1 | |a Tutor: |b Taleno Campos, Rafael Antonio | |
| 942 | |c BK |2 ddc | ||
| 991 | |a Tesis | ||
| 999 | |c 27703 | ||